000 00440nam a2200133Ia 4500
005 20260328104246.0
008 260328s9999||||xx |||||||||||||| ||und||
100 _aDomínguez Torres, Mario Alberto
245 0 _aRecordar la Fundación, Celebrar el Futuro :
_b 1938. El cuarto centenario de Bogotá. /
_cMario Alberto Domínguez Torres
260 _bUniversidad Católica de Colombia
300 _a191 p.
650 _aHISTORIA
942 _cBK
999 _c10059
_d10059